Handbook of Arbuscular Mycorrhizal Fungi

Arbuscular mycorrhizal fungi are obligate root symbionts that impact plant growth, productivity and competitiveness. The book integrates key information about AMF concepts, structures and functions, and the new classification of Glomeromycota, including topics about AMF history and evolution, AMF fa...

Full description

Bibliographic Details
Main Author: Souza, Tancredo (Author)
Corporate Author: SpringerLink (Online service)
Format: Electronic eBook
Language:English
Published: Cham : Springer International Publishing : Imprint: Springer, 2015.
Edition:1st ed. 2015.
Subjects:
Online Access:Full Text via HEAL-Link
LEADER 02144nam a22004575i 4500
001 978-3-319-24850-9
003 DE-He213
005 20151216163305.0
007 cr nn 008mamaa
008 151215s2015 gw | s |||| 0|eng d
020 |a 9783319248509  |9 978-3-319-24850-9 
024 7 |a 10.1007/978-3-319-24850-9  |2 doi 
040 |d GrThAP 
050 4 |a QR1-502 
072 7 |a PSG  |2 bicssc 
072 7 |a SCI045000  |2 bisacsh 
082 0 4 |a 579  |2 23 
100 1 |a Souza, Tancredo.  |e author. 
245 1 0 |a Handbook of Arbuscular Mycorrhizal Fungi  |h [electronic resource] /  |c by Tancredo Souza. 
250 |a 1st ed. 2015. 
264 1 |a Cham :  |b Springer International Publishing :  |b Imprint: Springer,  |c 2015. 
300 |a XIII, 153 p. 12 illus., 10 illus. in color.  |b online resource. 
336 |a text  |b txt  |2 rdacontent 
337 |a computer  |b c  |2 rdamedia 
338 |a online resource  |b cr  |2 rdacarrier 
347 |a text file  |b PDF  |2 rda 
505 0 |a Chapter 1 Overview -- Chapter 2 An Old Relationship -- Chapter 3 AMF’s Main Structures -- Chapter 4 Spores: A Special Tool to Survive -- Chapter 5 Glomeromycota Classification. 
520 |a Arbuscular mycorrhizal fungi are obligate root symbionts that impact plant growth, productivity and competitiveness. The book integrates key information about AMF concepts, structures and functions, and the new classification of Glomeromycota, including topics about AMF history and evolution, AMF families, genus and species description, as well as a compilation about several protocols to assess AMF and how to identify them. The focus is to provide readers enough information about AMF. 
650 0 |a Life sciences. 
650 0 |a Ecology. 
650 0 |a Microbiology. 
650 1 4 |a Life Sciences. 
650 2 4 |a Microbiology. 
650 2 4 |a Ecology. 
650 2 4 |a Plant Systematics/Taxonomy/Biogeography. 
710 2 |a SpringerLink (Online service) 
773 0 |t Springer eBooks 
776 0 8 |i Printed edition:  |z 9783319248486 
856 4 0 |u http://dx.doi.org/10.1007/978-3-319-24850-9  |z Full Text via HEAL-Link 
912 |a ZDB-2-SBL 
950 |a Biomedical and Life Sciences (Springer-11642)